Statistics for Yugoslav rock bands 3

Click here to take the quiz!

General Stats

  • This quiz has been taken 86 times
  • The average score is 7 of 20

Answer Stats

PesmaGrupa% Correct
SkeledžijaGaravi sokak
74%
Treba imat dušuAtomsko sklonište
62%
Hipnotisana gomilaPartibrejkers
60%
KažuDubioza kolektiv
57%
Apsolutno tvojMirzino jato
56%
MilenaNovi fosili
53%
Ja nisam kockarSrebrna krila
44%
MakedonijaTime
32%
Pitala si meHladno pivo
32%
Možda nebo znaOsvajači
26%
Nema ljubavi u klubuBuč Kesidi
26%
Detektivska pričaVideosex
25%
Sasvim običan danEva Braun
25%
Hormon srećeBrkovi
22%
Vino noćiĐavoli
19%
Pokreni meLaki pingvini
18%
Sunčana strana uliceS vremena na vreme
9%
Srešćemo se neki drugi putE-play
7%
Piši miDrugi način
6%
Dečija pesmaDisciplina kičme
6%

Score Distribution

Percentile by Number Answered

Percent of People with Each Score

Your Score History

You have not taken this quiz